Non-Christian Majority Countries With Most Christians - Statistics

General Stats
  • This quiz has been taken 226 times
  • The average score is 11 of 20
Answer Stats
Rank Country Amount Percentage % Correct
2 China 44,000,000-100,000,000 3.0%-7.0%
96%
4 India 28,000,000 2.3%
96%
3 Indonesia 28,400,000 12.0%
85%
1 Nigeria 88,386,000 46.3%
82%
5 South Korea 14,601,000 27.6%
79%
16 Pakistan 3,300,000 1.6%
78%
6 Egypt 9,029,000 10.0%
77%
17 Japan 2,921,000 2.3%
75%
18 Malaysia 2,820,000 9.2%
70%
10 Vietnam 7,038,000 8.2%
69%
11 Kazakhstan 4,214,000 26.3%
56%
14 Myanmar 3,790,000 6.2%
51%
12 Chad 4,150,000 35.0%
41%
9 Ivory Coast 7,075,000 32.8%
29%
15 Burkina Faso 3,746,000 22.0%
19%
13 Benin 3,943,000 42.8%
17%
19 Togo 1,966,000 29.0%
17%
7 Madagascar 8,260,000 41.0%
12%
8 Netherlands 7,629,000 43.8%
11%
20 New Zealand 1,738,000 37.0%
6%
No matching quizzes found
Score Distribution
Percent of People with Each Score
Percentile by Number Answered
Your Score History
You have not taken this quiz